000 00286nam a22001337a 4500
008 180220b xxu||||| |||| 00| 0 eng d
020 _a9780077562045
041 _aeng
080 _23 ed
_a579
100 _a11
101 _abio
245 _amicrobiology
_ccowan.h
942 _2udc
_cBK
999 _c42876
_d42876